| 000 | 00978nam2a2200265 4500 | ||
|---|---|---|---|
| 001 | RU\NLR\bibl\37287 | ||
| 005 | 20250615024631.0 | ||
| 010 |
_a5-85939-176-5 _915000 |
||
| 021 |
_aRU _b99-15323 _9743 |
||
| 035 | _a(NLR Aleph) 000036329 | ||
| 090 |
_a186549 _c186549 |
||
| 100 | _a19990707d1999 |||y0rusy50 ca | ||
| 101 | 0 | _arus | |
| 102 | _aRU | ||
| 105 | _aa ||||||||| | ||
| 200 | 0 | _aЧ. 1 | |
| 210 |
_d1999 _aБ. м. |
||
| 215 |
_a65 с. _cцв. ил. |
||
| 461 | 0 |
_1001RU\NLR\bibl\38740 _12001#$aПо дороге к азбуке$vЧ. 1 _9195048 _aБунеев, Р. Н. _cМ. _d1999 _fР.Н. Бунеев, Е.В. Бунеева, Т.Р. Кислова _nБаласс _oПособие для дошкольников : [Учеб.-тетр. для дошк. 4-6 лет : В 4 ч.] _tПо дороге к азбуке _vЧ. 1 |
|
| 801 | 0 |
_aRU _bNLR _c19990707 _gPSBO |
|
| 801 | 1 |
_aRU _bNLR _c19990707 |
|
| 852 |
_aNLR _j99-7/134 |
||
| 942 | _cBOOK | ||
| 980 | _aNB | ||